Monolithos : poems, 1962 and 1982 /

Bibliographic Details
Main Author: Gilbert, Jack, 1925-2012
Format: Book
Language:English
Published: New York : Knopf, 1982.
Edition:1st ed.

MARC

Tag First Indicator Second Indicator Subfields
LEADER 00000pam a2200000 a 4500
001 in00000083316
005 20151008061225.0
008 811026s1982 nyu 00010 eng
010 |a  81048135  
020 |a 0394523865 
035 |a (OCoLC)07946985 
035 |9 AAJ7588AM 
039 0 |a 2  |b 3  |c 3  |d 3  |e 3 
040 |a DLC  |c DLC  |d TXA  |d UtOrBLW 
049 |a TXAM  |c [802225] 
050 0 0 |a PS3557.I34217  |b M6 1982 
082 0 |a 811/.54  |2 19 
100 1 |a Gilbert, Jack,  |d 1925-2012. 
245 1 0 |a Monolithos :  |b poems, 1962 and 1982 /  |c Jack Gilbert. 
250 |a 1st ed. 
264 1 |a New York :  |b Knopf,  |c 1982. 
300 |a 93 pages ;  |c 22 cm. 
336 |a text  |b txt  |2 rdacontent 
337 |a unmediated  |b n  |2 rdamedia 
338 |a volume  |b nc  |2 rdacarrier 
999 |a MARS 
999 f f |s d2ab534f-2ea1-30f9-9466-86fa5f40b4b2  |i 46ba8e60-4669-3b44-afe1-14d9df9c56aa  |t 0 
952 f f |p normal  |a Texas A&M University  |b College Station  |c Sterling C. Evans Library  |d Evans: Library Stacks  |t 0  |e PS3557.I34217 M6 1982  |h Library of Congress classification  |i unmediated -- volume  |m A14806192373 
998 f f |a PS3557.I34217 M6 1982  |t 0  |l Evans: Library Stacks